| 000 | 01040nas a2200301 4500 | ||
|---|---|---|---|
| 001 | BR9206112 | ||
| 003 | BR-BrBNA | ||
| 005 | 20231205092905.0 | ||
| 007 | ta | ||
| 008 | 230509b bl.|||p| |||| 00| 00por d | ||
| 040 |
_aBR-BrBNA _bpor _cBiblioteca Nacional de Agricultura |
||
| 041 | _a(Pt) | ||
| 072 | _aH10; J11 | ||
| 100 | 1 | _aSantos, J.P. | |
| 100 | 1 | _aMaia, J.D.G. | |
| 100 | 1 | _aCruz, I. | |
| 245 | 1 | _aEfeito da infestacao pelo gorgulho (Sitophilus zeamais)e traca (Sitotroga cerealella)sobre a germinacao de sementes de milho | |
| 246 | 1 | _aDamage to germination of seed corn caused by mayze weevil (Sitophilus zeamais)and angoumois grain moth (Sitotroga cerealella) | |
| 650 | _aMILHO | ||
| 650 | _aGORGULHO DOS CEREAIS | ||
| 650 | _aTRACA DOS CEREAIS | ||
| 650 | _aSEMENTE | ||
| 650 | _aGERMINACAO | ||
| 650 | _aINFESTACAO | ||
| 773 | 0 |
_tPesquisa Agropecuaria Brasileira (Brazil) _xISSN 0100-204X _g(Dec 1990), v. 25(12) p. 1687-1692 _wBR9206112 |
|
| 909 |
_a202311 _bLúcia _c55 _dLúcia Elande |
||
| 942 |
_2AGRIS _n0 _cANA |
||
| 999 |
_c134915 _d134915 |
||